Como ler literatura (Record no. 15627)
[ view plain ]
| 000 -Etiqueta do registo | |
|---|---|
| Valores | 00675nam a2200217 4500 |
| 010 ## - Número ISBN | |
| ISBN | 9789724424859 |
| 021 ## - Número do Depósito Legal | |
| Número | 484031/21 |
| 100 ## - Dados gerais de processamento | |
| Dados gerais | 20210428d2021 m y0pory50030103ba |
| 200 1# - Titulo e menção de responsabilidade | |
| Título próprio | Como ler literatura |
| Primeira menção de responsabilidade | Terry Eagleton |
| Outras menções de responsabilidade | trad. Miguel Martins |
| 210 #9 - Publicação | |
| Local de publicação | Lisboa |
| Nome do editor | Edições 70, |
| Data de publicação | 2021 |
| 215 ## - Descrição física | |
| Paginação / Volumes | 272 p. |
| Dimensões | 24 cm |
| 304 ## - Nota relativa ao título | |
| Texto de nota | Tít. orig.: How to read literature |
| 675 ## - CDU | |
| Notação | 821.1/.8.09 |
| Edição | BN |
| Língua | por |
| 675 ## - CDU | |
| Notação | 028 |
| Edição | BN |
| Língua | por |
| 700 #1 - Autor principal (pessoa individual) | |
| Apelido | Eagleton, |
| Nome | Terry, |
| Datas | 1943- |
| 702 #1 - Autor secundário (pessoa individual) | |
| Apelido | Martins, |
| Nome | Miguel |
| 801 #0 - Fonte de origem | |
| País | PT |
| Agência | BN |
| Regras de catalogação | RPC |
| 856 41 - Localização e acesso electrónico | |
| URL | <a href="http://rnod.bnportugal.gov.pt/ImagesBN/winlibimg.aspx?skey=&doc=2067847&img=176788&save=true">http://rnod.bnportugal.gov.pt/ImagesBN/winlibimg.aspx?skey=&doc=2067847&img=176788&save=true</a> |
| 990 ## - Elementos KOHA | |
| Tipo de documento | Livro |
| Situação do levantamento | Estado | Biblioteca de origem | Código de barras | Cota | Permissão de empréstimo | Tipo de documento | Forma de aquisição |
|---|---|---|---|---|---|---|---|
| Biblioteca Municipal do Alandroal | 17214/21 | 82,0 EAG | Livro | Compra |